Reduplicated Names and Words - Statistics

General Stats
  • This quiz has been taken 27 times
  • The average score is 12 of 27
Answer Stats
Definition Word % Correct
Mother Mama
96%
A dress worn as a costume in a classical ballet performance Tutu
88%
Extinct flightless bird from Mauritius Dodo
84%
Singer Lady... Gaga
80%
Exclamation that represents laughter or amusement. Haha / Hee Hee / Ho Ho
80%
Another way of saying goodbye Bye-Bye
76%
High-energy French cabaret dance from the 1840s Can-Can
76%
As in Chanel Coco
76%
The way kids say train Choo Choo
68%
Decorative balls of fibrous material held bt cheerleaders Pompom
64%
Expensive, ostentatious clothing and jewelry Bling Bling
48%
Slang for police Popo
44%
Singer Rihanna's nickname Riri
44%
In Thailand, a three-wheeled motorized vehicle used as a taxi Tuk Tuk
40%
Highly secret or confidential Hush-Hush
36%
A loose dress of Hawaiian origin Muumuu
32%
Meaningless chatter; idle gossip Blah Blah / Yada Yada
24%
Small antelope from the bushlands of eastern and southern Africa Dik-Dik
24%
Long-fingered lemur, native to Madagascar Aye-Aye
20%
Maghrebi dish of crushed durum wheat semolina traditionally served with a stew spooned on top. Couscous
20%
Spanish word for potato Papa
20%
A soft, indistinct sound made by people speaking quietly or at a distance Murmur
16%
To dismiss an argument as being unworthy of serious consideration. Poo Poo / Pooh Pooh
12%
Condiment composed of mayonnaise and finely chopped capers Tartar
12%
A severe and chronic form of thiamine deficiency Beriberi
8%
West African religion incorporating amulets, and spells as part of witchcraft Juju
8%
A comic strip character created in 1935 by Marjorie Henderson Buell named Little... Lulu
8%
No matching quizzes found
Score Distribution
Percent of People with Each Score
Percentile by Number Answered
Your Score History
You have not taken this quiz